| 000 | 00584nam a2200181 i 4500 | ||
|---|---|---|---|
| 001 | 72640 | ||
| 003 | ES-MaACL | ||
| 005 | 20230906171513.0 | ||
| 007 | t| | ||
| 008 | 040902s1920 be ||||1| spa d | ||
| 100 | 1 |
_aGobineau, Arthur _ccomte de. _9147893 |
|
| 245 | 1 | 0 |
_aMademoiselle Irnois _b: nouvelle inedite / _cArthur, Comte de Gobineau ; precedée d'un avant-propos par Tauerede de Visan. |
| 250 | _a3eme ed. | ||
| 260 |
_aBruges : _b[s.n., _c1920] ( _fImp. Sª Catherine) |
||
| 300 |
_a102 p. ; _c19 cm. |
||
| 700 | 1 |
_aVisan, Taurede de. _9115475 |
|
| 852 |
_aES-MaACL _jF-4714 |
||
| 999 |
_c72640 _d72640 |
||